00748nam a2200193 a 450000100100000000500170001000800410002704000250006808200150009310000380010824500890014626000590023530000210029449000320031570000380034783000390038595201130042499900170053700003399520200930070703.0110919s1937 cu 000 0 spa d aDO-SdBNPbspacBNPHU axxxbM357d1 aMárquez Sterling, Manuel95944510aDoctrina de la República /cManuel Márquez Sterling ; prólogo René Lufríu. aLa Habana, Cuba :bSecretaría de Educación,c1937. a128 p. ;c21 cm.1 aGrandes periodistas cubanos1 aLufríu, René,epról.929350 0aGrandes periodistas cubanos959446 001050718RVaGRbGRcCTd2011-09-19iLF1l0oxxx M357dp33995-10r2020-06-25w2020-06-25y1ZNo se presta c33486d33486